000 00899nam a2200253Ia 4500
003 OSt
005 20220923220226.0
006 a|||||r|||| 00| 0
007 ta
008 220922b |||||||| |||| 00| 0 hin d
024 _a185,235
037 _cTextual
040 _aARTS
_cARTS
_bhin
041 _2hin
_ahin
082 _aY:351.252, 152L7
100 _aतिवारी, हँस कुमार, संपा.
_9160315
245 0 _aभोजपूरी संस्कार गीत
246 _aBhojapūrī sanskār gīta
260 _aपटना
_b बिहार राष्ट्रभाषा परिषद्
_c1977
300 _a490 पृ.
_ccm.
650 _aभारतीय-लोक साहित्य
942 _hY:351.252, 152L7
_cTEXL
_2CC
999 _c338481
_d338481